000 01377nam0a2200313 4500
001 RU\NLR\bibl\217993
005 20260407074837.0
010 _a5-230-14814-4
_9200
035 _a(NLR Aleph) 000214079
090 _a1243189
_c1243189
100 _a20020110d1995 |||y0rusy50 ca
101 0 _arus
102 _aRU
105 _ay |||||||||
200 1 _aПроблемы общественного развития на современном этапе
_e[Сб. науч. тр.
_fПод науч. ред. Г.Е. Алпатова]
210 _aСПб.
_cСПбГУТД
_d1995
215 _a153 c.
_d20
320 _aБиблиогр. в конце ст.
606 0 _aОбщественное производство
_jСборники
_91726480
_3RU\NLR\auth\66771069
606 0 _aТранзитивная экономика
_jСборники
_yРоссийская Федерация
_92120430
_3RU\NLR\auth\661280483
686 _aУ010.0я43
686 _aУ9(2)-17(2Р)я43
702 1 _aАлпатов
_bГ. Е.
_f1946-
_gГеннадий Евгеньевич
_4340
712 0 2 _4570
_aСанкт-Петербургский государственный университет технологии и дизайна
_3RU\NLR\AUTH\883830
_9278991
801 0 _aRU
_bNLR
_c20020110
_gPSBO
801 1 _aRU
_bNLR
_c20020110
942 _cBOOK
980 _aNB